000 01213nas a2200325 4500
001 BR8102109
003 BR-BrBNA
005 20231205084630.0
007 ta
008 230509b bl.|||p| |||| 00| 00por d
040 _aBR-BrBNA
_bpor
_cBiblioteca Nacional de Agricultura
041 _a(Pt)
072 _aS10; L30
100 1 _aNunes, J.R.V.
100 1 _aLopez, J.
100 1 _aNicolaiewsky, S.
245 1 _aCaracteristicas fisicas, quimicas e organolepticas da carne e da gordura de suinos machos inteiros e castrados, arracoados com 2 niveis de proteina [Sus domesticus; Brasil]
_bParte de tese
246 1 _a[Physical, chemical and organoleptic characteristics of meat and fat of boars and barrows, fed with 2 protein levels [Sus domesticus; Brazil]]
_b[Part of thesis]
650 _aComposicao de alimento
650 _aNutricao animal
650 _aCarne
650 _aSUÍNO
650 _aProteina
650 _aToicinho
650 _aAnalise organoleptica
650 _aRio Grande do Sul
773 0 _tRevista da Sociedade Brasileira de Zootecnia (Brazil)
_xISSN 0100-4859
_g(1980), v. 9(1) p. 10-18
_wBR8102109
909 _a202311
_bLúcia
_c55
_dLúcia Elande
942 _2AGRIS
_n0
_cANA
999 _c106357
_d106357